000 00541nam a22001932 4500
001 0000005870
005 20170406121044.0
008 150526s xx 000 0 eng d
020 _c$
040 _aYour Holding Symbol
_cYour Holding Symbol
100 1 _aGrey .Mary C.
245 1 0 _aTo Rwanda and back :
_bliberation sprituality ad reconciliation.
250 _a ed.
260 _alondon :
_bDarton,
_c2007.
300 _a228 p. ;
_c cm.
504 _aindex.
650 0 _arwanda history
_xhistory.
908 _a150526
999 _c5638
_d5638